Caricamento...

Womans studies in India : Information source sernees and programmes

Dettagli Bibliografici
Autore principale: Anju vyas
Altri autori: Sunitha sing
Natura: Printed Book
Lingua:English
Pubblicazione: New Delhi Sage 1993
Edizione:1st ed
Soggetti:
LEADER 00620nam a22001937a 4500
005 20151215130135.0
008 100311t xxu||||| |||| 00| 0 eng d
082 |a 305.42  |b VYS 
100 |a Anju vyas   |9 17261 
245 |a Womans studies in India : Information source sernees and programmes 
250 |a 1st ed 
300 |a 257 
653 |a Women's Studies- India 
700 |a Sunitha sing  |9 17260 
942 |c BB  |6 _ 
260 |b Sage  |c 1993  |a New Delhi 
500 |a VOL:1 
999 |c 112050  |d 112050 
952 |0 0  |1 0  |2 ddc  |4 0  |6 30542_VYS  |7 0  |9 145563  |a SMS  |b SMS  |c GEN  |d 2010-03-11  |g 0.00  |o 305.42 VYS  |p SMS017192  |r 2010-03-11  |w 2010-03-11  |y BK